Normal view
MARC view
Entry Topical Term
001 - CONTROL NUMBER
- control field: 778785
003 - CONTROL NUMBER IDENTIFIER
- control field: OSt
005 - DATE AND TIME OF LATEST TRANSACTION
- control field: 20250508164649.0
008 - FIXED-LENGTH DATA ELEMENTS
- fixed length control field: 250508|| aca||aabn | a|a d
040 ## - CATALOGING SOURCE
- Original cataloging agency: OSt
- Transcribing agency: OSt
150 ## - HEADING--TOPICAL TERM
- Topical term or geographic name entry element: Women - Human rights
670 ## - SOURCE DATA FOUND
- Source citation: Work cat.: (OSt)1390423: Merry Sally Engle, Human rights and gender violence : Translating international law into local justice, 2009
